000 004060000a22001330004500
090 _aAS
_bSeriadas
245 1 0 _aStudia plantarum Colombiae, I
041 0 _aEspañol
700 1 _aHernández Camacho, Jorge Ignacio
_93657
700 1 _aEspinal T., Luis Sigifredo
_913133
100 1 _aLozano Contreras, Gustavo
_920520
942 _cARTICULO
773 1 _tMutisia: Acta Botánica Colombiana
_3893
_h49
_q1-7
_d1981
999 _c15286
_d15286